<?xml version="1.0" encoding="UTF-8"?><?xml-stylesheet type="text/xsl" href="static/style.xsl"?><OAI-PMH xmlns="http://www.openarchives.org/OAI/2.0/" xmlns:xsi="http://www.w3.org/2001/XMLSchema-instance" xsi:schemaLocation="http://www.openarchives.org/OAI/2.0/ http://www.openarchives.org/OAI/2.0/OAI-PMH.xsd"><responseDate>2026-06-02T03:50:56Z</responseDate><request verb="GetRecord" identifier="oai:riuma.uma.es:10630/26873" metadataPrefix="marc">https://riuma.uma.es/rest/oai/request</request><GetRecord><record><header><identifier>oai:riuma.uma.es:10630/26873</identifier><datestamp>2026-02-03T12:53:26Z</datestamp><setSpec>com_10630_25813</setSpec><setSpec>com_10630_3139</setSpec><setSpec>com_10630_10</setSpec><setSpec>col_10630_25846</setSpec></header><metadata><record xmlns="http://www.loc.gov/MARC21/slim" xmlns:dcterms="http://purl.org/dc/terms/" xmlns:doc="http://www.lyncode.com/xoai" xmlns:xsi="http://www.w3.org/2001/XMLSchema-instance" xsi:schemaLocation="http://www.loc.gov/MARC21/slim http://www.loc.gov/standards/marcxml/schema/MARC21slim.xsd">
   <leader>00925njm 22002777a 4500</leader>
   <datafield ind2=" " ind1=" " tag="042">
      <subfield code="a">dc</subfield>
   </datafield>
   <datafield ind2=" " ind1=" " tag="720">
      <subfield code="a">García Aranda, Raquel</subfield>
      <subfield code="e">author</subfield>
   </datafield>
   <datafield ind2=" " ind1=" " tag="720">
      <subfield code="a">Cerezo-Domínguez, Ana Isabel</subfield>
      <subfield code="e">author</subfield>
   </datafield>
   <datafield ind2=" " ind1=" " tag="260">
      <subfield code="c">2017-11-30</subfield>
   </datafield>
   <datafield ind2=" " ind1=" " tag="520">
      <subfield code="a">Este estudio pretende conocer en profundidad el fenómeno de la violencia filio-parental o ascendente desde una perspectiva social y jurídica. El material de trabajo empleado han sido 227 expedientes judiciales obtenidos en la Fiscalía de Menores de Málaga. Se han analizado variables de carácter tanto personal y ambiental como judicial. Algunos de los resultados obtenidos arrojan que el 70,1% de los delitos lo realizan los varones, que los jóvenes de 16 años son quienes más cometen este hecho y que más de la mitad de la muestra consume drogas. En relación al tipo de medida que se les impone, la más frecuente es la libertad vigilada (32,7%), seguida de la convivencia en grupo educativo (22,4%) y el internamiento semiabierto (22,4%).</subfield>
   </datafield>
   <datafield ind1="8" ind2=" " tag="024">
      <subfield code="a">García Aranda, R., &amp; Cerezo Domínguez, A. I. (2017). La respuesta del sistema de justicia juvenil al fenómeno de la violencia filio-parental en la provincia de Málaga entre los años 2011 y 2014. Boletín Criminológico, (23). https://doi.org/10.24310/Boletin-criminologico.2017.v23i0.3879</subfield>
   </datafield>
   <datafield ind1="8" ind2=" " tag="024">
      <subfield code="a">https://hdl.handle.net/10630/26873</subfield>
   </datafield>
   <datafield ind1="8" ind2=" " tag="024">
      <subfield code="a">https://doi.org/10.24310/Boletin-criminologico.2017.v23i0.3879</subfield>
   </datafield>
   <datafield tag="653" ind2=" " ind1=" ">
      <subfield code="a">Tribunales de menores</subfield>
   </datafield>
   <datafield tag="653" ind2=" " ind1=" ">
      <subfield code="a">Delincuencia juvenil</subfield>
   </datafield>
   <datafield ind2="0" ind1="0" tag="245">
      <subfield code="a">La respuesta del sistema de justicia juvenil al fenómeno de la violencia filio-parental en la provincia de Málaga entre los años 2011 y 2014.</subfield>
   </datafield>
</record>
</metadata></record></GetRecord></OAI-PMH>